Countries, US States, Capitals, Elements, 100 Most Common Words: A + B + xyz = C #3 - Statistics

General Stats
  • This quiz has been taken 50 times
  • The average score is 41 of 48
Answer Stats
ANSWER % Correct
{}k{I}n{}g{stowN}
97%
{u}z{B}e{ki}s{Tan}
97%
{But} 1
91%
{}c{alI}f{orni}u{M}
91%
{Dhaka} 7
91%
{Her} 2
91%
{Her} 4
91%
{Him} 7
91%
{Iron} 4
91%
{Mali} 11
91%
{Not} 1
91%
{Not} 10
91%
{Not} 8
91%
{Out} 10
91%
{Out} 4
91%
{Rome} 2
91%
{Tin} 2
91%
{Tin} 8
91%
{W}e{lli}n{}g{toN}
91%
{Will} 1
91%
{Also} 3
89%
{Also} 5
89%
{Baku} 3
89%
{India} 4
89%
{}p{enn}s{y}l{VAnia}
89%
{}s{}o{u}t{h} {DakOta}
89%
{}s{}o{uT}h {kOrea}
89%
{}s{T}r{Ontiu}m{}
89%
{Can} 3
86%
{}c{HArles}t{o}n{}
86%
{}i{}n{dIAna}p{olis}
86%
{Our} 8
86%
{Some} 1
86%
{Take} 4
86%
{Bu}c{H}a{re}s{t}
83%
{Its} 2
83%
{Niger} 4
83%
{Now} 9
83%
{Apia} 4
80%
{Any} 2
77%
{Any} 9
77%
{}p{Rome}t{Hi}u{m}
74%
{S}a{C}r{amen}t{o}
74%
{No}r{tH} c{aro}l{ina}
71%
{Vienna} 8
71%
{pAnA}m{a} c{i}t{y}
69%
{Honiara} 5
63%
{ro}e{NtgeNi}u{}m{}
63%
No matching quizzes found
Score Distribution
Percent of People with Each Score
Percentile by Number Answered
Your Score History
You have not taken this quiz